Österreichische Bundespräsidenten nach Bild - Statistiken

Allgemein
  • Dieses Quiz wurde 71 mal gespielt
  • Das Durchschnittsergebnis liegt bei 7 aus 12
Antwortstatistiken
Bildquiz Antwort % Korrekt
Alexander Van der Bellen
100%
Heinz Fischer
96%
Kurt Waldheim
77%
Thomas Klestil
75%
Karl Renner
64%
Rudolf Kirchschläger
64%
Theodor Körner
43%
Adolf Schärf
39%
Franz Jonas
39%
Wilhelm Miklas
32%
Karl Seitz
29%
Michael Hainisch
27%
Keine übereinstimmenden Quizze gefunden
Verteilung der Resultate
Anzahl Personen mit jedem Resultat
Perzentil nach korrekt beantworteten Fragen
Ihre Resultats-Entwicklung
Sie haben dieses Quiz noch nicht gespielt